00495nam a2200145 i 450000100060000000300090000600500170001500700030003200800410003510000180007624501720009426000400026630000220030685200210032833553ES-MaACL20230906154758.0t|030202s1920 fr ||||1| fre d1 aBigourdan, G.10aBibliothéque bibliographique et documentaire b: section des sciences pures et appliquées ... l'astronomie, la geodésie et la géophysique / cpar G. Bigourdan. aParis : bGauthier-Villars, c1920. a257 p. ; c25 cm. aES-MaACLjD-8681